Zasadnutie Stredoslovenskej pobočky Slovenskej národopisnej spoločnosti

Bibliographic Details
Main Author: Halmová, Mária, 1955- (Author)
Format: Article
Language:Slovak
Subjects:

MARC

LEADER 00000nab a2200000 a 4500
001 vtls000441948
003 SK-MaSNL
005 20260303185344.0
008 230131c1991 xo 0 slo
015 |a SNBRB19rr/mm-uuuuu 
035 |a CL0442078 
035 |a urn:nbn:sk:snk-ab2obk 
035 |a (urnnbn)urn:nbn:sk:snk:ar-a02p2n 
035 |a (uuid)e1643f7a-65ee-4104-9198-3fabbac9d8f1 
040 |a SNKBUCL  |b slo  |c SNKBUCL  |e AACR2 
041 0 |a slo 
044 |a xo  |c SK 
080 |a 39:061.22:061.3  |2 1981 
080 |a 061.22  |2 1981 
080 |a 061.3  |2 1981 
100 1 |a Halmová, Mária,  |d 1955-  |4 aut  |9 231701 
245 1 0 |a Zasadnutie Stredoslovenskej pobočky Slovenskej národopisnej spoločnosti  |c Mária Halmová 
650 0 7 |a Slovenská národopisná spoločnosť SAV  |2 snkbucl  |9 924351 
655 7 |a články z novín a časopisov  |2 snkbucl  |9 267496 
773 0 |t Múzeum  |g Roč. 36, č. 3 (1991), s. 68 
850 |a Slovenská národná knižnica v Martine  |a MTA001 
852 |a SNK  |b KIS3GCP 
954 |a odborná, vedecká literatúra pôvodná (slovenská)  |2 lita 
957 |a 5306 
958 |a OND 
958 |a EUIPO 
958 |a article27 
992 |a RBX 
999 |c 2130935  |d 2132865